000 00257nam a2200109Ia 4500
008 190216s9999||||xx |||||||||||||| ||und||
100 _aLeslie Thomas
245 0 _aThis Time Rest Week
260 _bPan Books London
650 _aEnglish
942 _cBK
999 _c13309
_d13309